00393nam a2200109Ia 4500008004100000082001600041100002000057245005800077942001200135999001900147952011700166210430s9999 xx 000 0 und d a543 S6287 P aDouglas A Skoog aPrinciples of Instrumental Analysis cDouglas A Skoog cBK2ddc c564417d564417 001040708NFICaSCMEbSCMEcGENd0000-00-00l2o543 S6287 PpSCME-3628r2022-01-03s2022-01-03w2021-04-30yBK